Monuments français - Mort subite - Statistiques

Statistiques générales
  • Ce quiz a été pris 222 fois
  • Le résultat moyen est 6 sur 10
Answers on the Grid
Answers color-coded by a green-red scale on the quiz's grid according to % correct below.
 
Statistiques - réponses
Réponse % Correct
Mont Saint-Michel
(Le Mont Saint-Michel, France)
89%
Arc de Triomphe
(Paris, France)
88%
Château de Chambord
(Chambord, France)
82%
Capitole
(Toulouse, France)
68%
Château de Fontainebleau
(Fontainebleau, France)
60%
Cathédrale Notre-Dame
(Rouen, France)
60%
Cité de Carcassonne
(Carcassonne, France)
55%
Arènes d'Arles
(Arles, France)
53%
Château de Versailles
(Versailles, France)
39%
Hôtel de ville de Calais
(Calais, France)
24%
Aucun quiz correspondant
Distribution des résultats
% des personnes avec chaque résultat
Percentile par nombre de réponses
Votre historique - résultats
Vous n’avez pas pris ce quiz